Welcome to the Holygrace Academy Library

Please use search bar below to get started

I GET IT ! (Record no. 5732)

MARC details
000 -LEADER
fixed length control field 00310nam a22001217a 4500
082 ## - DEWEY DECIMAL CLASSIFICATION NUMBER
Classification number 001
Item number DEA/I
100 ## - MAIN ENTRY--AUTHOR NAME
Personal name DE AGOSTINI
245 ## - TITLE STATEMENT
Title I GET IT !
Remainder of title ALL YOU WANT TO KNOW ABOUT EVERYTHING
260 ## - PUBLICATION, DISTRIBUTION, ETC. (IMPRINT)
Place of publication MUMBAI
Name of publisher POPULAR PRAKASHAN PVT LTD
Year of publication 2014
300 ## - PHYSICAL DESCRIPTION
Number of Pages 33
650 ## - SUBJECT ADDED ENTRY--TOPICAL TERM
Topical Term GENERAL KNOWLEDGE
Geographic subdivision INDIA
942 ## - ADDED ENTRY ELEMENTS (KOHA)
Koha item type Books
Holdings
Withdrawn status Lost status Collection code Home library Current library Shelving location Date acquired Source of acquisition Full call number Accession Number Koha item type
    G.K Main Library Main Library SHELF 15F -I GET IT,BIOGRAPHY FOR CHILDREN (IMPULSE GREAT PEOPLE 18/03/2022 purchase 001 DEA/I 12499 Books
    G.K Main Library Main Library SHELF 15F -I GET IT,BIOGRAPHY FOR CHILDREN (IMPULSE GREAT PEOPLE 18/03/2022 purchase 001 DEA/I 12498 Books
    G.K Main Library Main Library SHELF 15F -I GET IT,BIOGRAPHY FOR CHILDREN (IMPULSE GREAT PEOPLE 18/03/2022 purchase 001 DEA/I 12497 Books
    G.K Main Library Main Library SHELF 15F -I GET IT,BIOGRAPHY FOR CHILDREN (IMPULSE GREAT PEOPLE 18/03/2022 purchase 001 DEA/I 12518 Books
    G.K Main Library Main Library SHELF 15F -I GET IT,BIOGRAPHY FOR CHILDREN (IMPULSE GREAT PEOPLE 18/03/2023 purchase 001 DEA/I 12519 Books
    G.K Main Library Main Library SHELF 15F -I GET IT,BIOGRAPHY FOR CHILDREN (IMPULSE GREAT PEOPLE 18/03/2022 purchase 001 DEA/I 12520 Books
    G.K Main Library Main Library SHELF 15F -I GET IT,BIOGRAPHY FOR CHILDREN (IMPULSE GREAT PEOPLE 18/03/2022 purchase 001 DEA/I 12513 Books
    G.K Main Library Main Library SHELF 15F -I GET IT,BIOGRAPHY FOR CHILDREN (IMPULSE GREAT PEOPLE 18/03/2022 purchase 001 DEA/I 12514 Books
    G.K Main Library Main Library SHELF 15F -I GET IT,BIOGRAPHY FOR CHILDREN (IMPULSE GREAT PEOPLE 18/03/2022 purchase 001 DEA/I 12512 Books
    G.K Main Library Main Library SHELF 15F -I GET IT,BIOGRAPHY FOR CHILDREN (IMPULSE GREAT PEOPLE 18/03/2023 purchase 001 DEA/I 12506 Books
    G.K Main Library Main Library SHELF 15F -I GET IT,BIOGRAPHY FOR CHILDREN (IMPULSE GREAT PEOPLE 18/03/2023 purchase 001 DEA/I 12507 Books
    G.K Main Library Main Library SHELF 15F -I GET IT,BIOGRAPHY FOR CHILDREN (IMPULSE GREAT PEOPLE 18/03/2022 purchase 001 DEA/I 12508 Books
    G.K Main Library Main Library SHELF 15F -I GET IT,BIOGRAPHY FOR CHILDREN (IMPULSE GREAT PEOPLE 18/03/2022 purchase 001 DEA/I 12516 Books
    G.K Main Library Main Library SHELF 15F -I GET IT,BIOGRAPHY FOR CHILDREN (IMPULSE GREAT PEOPLE 18/03/2022 purchase 001 DEA/I 12517 Books
    G.K Main Library Main Library SHELF 15F -I GET IT,BIOGRAPHY FOR CHILDREN (IMPULSE GREAT PEOPLE 18/03/2022 purchase 001 DEA/I 12515 Books
    G.K Main Library Main Library SHELF 15F -I GET IT,BIOGRAPHY FOR CHILDREN (IMPULSE GREAT PEOPLE 18/03/2022 purchase 001 DEA/I 12510 Books
    G.K Main Library Main Library SHELF 15F -I GET IT,BIOGRAPHY FOR CHILDREN (IMPULSE GREAT PEOPLE 18/03/2022 purchase 001 DEA/I 12511 Books
    G.K Main Library Main Library SHELF 15F -I GET IT,BIOGRAPHY FOR CHILDREN (IMPULSE GREAT PEOPLE 18/03/2022 purchase 001 DEA/I 12509 Books
    G.K Main Library Main Library SHELF 15F -I GET IT,BIOGRAPHY FOR CHILDREN (IMPULSE GREAT PEOPLE 18/03/2022 purchase 001 DEA/I 12492 Books
    G.K Main Library Main Library SHELF 15F -I GET IT,BIOGRAPHY FOR CHILDREN (IMPULSE GREAT PEOPLE 18/03/2022 purchase 001 DEA/I 12491 Books
    G.K Main Library Main Library SHELF 15F -I GET IT,BIOGRAPHY FOR CHILDREN (IMPULSE GREAT PEOPLE 18/03/2022 purchase 001 DEA/I 12493 Books
    G.K Main Library Main Library SHELF 15F -I GET IT,BIOGRAPHY FOR CHILDREN (IMPULSE GREAT PEOPLE 18/03/2022 purchase 001 DEA/I 12505 Books
    G.K Main Library Main Library SHELF 15F -I GET IT,BIOGRAPHY FOR CHILDREN (IMPULSE GREAT PEOPLE 18/03/2022 purchase 001 DEA/I 12503 Books
    G.K Main Library Main Library SHELF 15F -I GET IT,BIOGRAPHY FOR CHILDREN (IMPULSE GREAT PEOPLE 18/03/2022 purchase 001 DEA/I 12504 Books
    G.K Main Library Main Library SHELF 15F -I GET IT,BIOGRAPHY FOR CHILDREN (IMPULSE GREAT PEOPLE 18/03/2022 purchase 001 DEA/I 12500 Books
    G.K Main Library Main Library SHELF 15F -I GET IT,BIOGRAPHY FOR CHILDREN (IMPULSE GREAT PEOPLE 18/03/2022 purchase 001 DEA/I 12502 Books
    G.K Main Library Main Library SHELF 15F -I GET IT,BIOGRAPHY FOR CHILDREN (IMPULSE GREAT PEOPLE 18/03/2022 purchase 001 DEA/I 12501 Books
    G.K Main Library Main Library SHELF 15F -I GET IT,BIOGRAPHY FOR CHILDREN (IMPULSE GREAT PEOPLE 18/04/2013 purchase 001 DEA/I 07302 Books
    G.K Main Library Main Library SHELF 15F -I GET IT,BIOGRAPHY FOR CHILDREN (IMPULSE GREAT PEOPLE 18/04/2013 purchase 001 DEA/I 06150 Books
    G.K Main Library Main Library SHELF 15F -I GET IT,BIOGRAPHY FOR CHILDREN (IMPULSE GREAT PEOPLE 18/04/2013 purchase 001 DEA/I 06124 Books
    G.K Main Library Main Library SHELF 15F -I GET IT,BIOGRAPHY FOR CHILDREN (IMPULSE GREAT PEOPLE 18/04/2013 purchase 001 DEA/I 06132 Books
    G.K Main Library Main Library SHELF 15F -I GET IT,BIOGRAPHY FOR CHILDREN (IMPULSE GREAT PEOPLE 18/04/2013 purchase 001 DEA/I 06148 Books
    G.K Main Library Main Library SHELF 15F -I GET IT,BIOGRAPHY FOR CHILDREN (IMPULSE GREAT PEOPLE 18/04/2013 purchase 001 DEA/I 06142 Books
    G.K Main Library Main Library SHELF 15F -I GET IT,BIOGRAPHY FOR CHILDREN (IMPULSE GREAT PEOPLE 18/04/2013 purchase 001 DEA/I 06144 Books
    G.K Main Library Main Library SHELF 15F -I GET IT,BIOGRAPHY FOR CHILDREN (IMPULSE GREAT PEOPLE 18/04/2013 purchase 001 DEA/I 06141 Books
    G.K Main Library Main Library SHELF 15F -I GET IT,BIOGRAPHY FOR CHILDREN (IMPULSE GREAT PEOPLE 18/04/2013 purchase 001 DEA/I 06128 Books
    G.K Main Library Main Library SHELF 15F -I GET IT,BIOGRAPHY FOR CHILDREN (IMPULSE GREAT PEOPLE 18/04/2013 purchase 001 DEA/I 07301 Books
    G.K Main Library Main Library SHELF 15F -I GET IT,BIOGRAPHY FOR CHILDREN (IMPULSE GREAT PEOPLE 18/04/2013 purchase 001 DEA/I 06137 Books
    G.K Main Library Main Library SHELF 15F -I GET IT,BIOGRAPHY FOR CHILDREN (IMPULSE GREAT PEOPLE 18/04/2013 purchase 001 DEA/I 06127 Books
    G.K Main Library Main Library SHELF 15F -I GET IT,BIOGRAPHY FOR CHILDREN (IMPULSE GREAT PEOPLE 18/04/2013 purchase 001 DEA/I 06143 Books
    G.K Main Library Main Library SHELF 15F -I GET IT,BIOGRAPHY FOR CHILDREN (IMPULSE GREAT PEOPLE 18/04/2013 purchase 001 DEA/I 06139 Books
    G.K Main Library Main Library SHELF 15F -I GET IT,BIOGRAPHY FOR CHILDREN (IMPULSE GREAT PEOPLE 18/04/2013 purchase 001 DEA/I 06130 Books
    G.K Main Library Main Library SHELF 15F -I GET IT,BIOGRAPHY FOR CHILDREN (IMPULSE GREAT PEOPLE 18/04/2013 purchase 001 DEA/I 06131 Books
    G.K Main Library Main Library SHELF 15F -I GET IT,BIOGRAPHY FOR CHILDREN (IMPULSE GREAT PEOPLE 18/04/2013 purchase 001 DEA/I 06123 Books
    G.K Main Library Main Library SHELF 15F -I GET IT,BIOGRAPHY FOR CHILDREN (IMPULSE GREAT PEOPLE 18/04/2013 purchase 001 DEA/I 06122 Books
    G.K Main Library Main Library SHELF 15F -I GET IT,BIOGRAPHY FOR CHILDREN (IMPULSE GREAT PEOPLE 18/04/2013 purchase 001 DEA/I 06134 Books
    G.K Main Library Main Library SHELF 15F -I GET IT,BIOGRAPHY FOR CHILDREN (IMPULSE GREAT PEOPLE 18/04/2013 purchase 001 DEA/I 06140 Books
    G.K Main Library Main Library SHELF 15F -I GET IT,BIOGRAPHY FOR CHILDREN (IMPULSE GREAT PEOPLE 18/04/2013 purchase 001 DEA/I 06135 Books
    G.K Main Library Main Library SHELF 15F -I GET IT,BIOGRAPHY FOR CHILDREN (IMPULSE GREAT PEOPLE 18/04/2013 purchase 001 DEA/I 06146 Books
    G.K Main Library Main Library SHELF 15F -I GET IT,BIOGRAPHY FOR CHILDREN (IMPULSE GREAT PEOPLE 18/04/2013 purchase 001 DEA/I 06121 Books
    G.K Main Library Main Library SHELF 15F -I GET IT,BIOGRAPHY FOR CHILDREN (IMPULSE GREAT PEOPLE 18/04/2013 purchase 001 DEA/I 06120 Books
    G.K Main Library Main Library SHELF 15F -I GET IT,BIOGRAPHY FOR CHILDREN (IMPULSE GREAT PEOPLE 19/04/2013 purchase 001 DEA/I 07328 Books
    G.K Main Library Main Library SHELF 15F -I GET IT,BIOGRAPHY FOR CHILDREN (IMPULSE GREAT PEOPLE 18/04/2013 purchase 001 DEA/I 06149 Books
    G.K Main Library Main Library SHELF 15F -I GET IT,BIOGRAPHY FOR CHILDREN (IMPULSE GREAT PEOPLE 18/03/2022 purchase 001 DEA/I 12538 Books
    G.K Main Library Main Library SHELF 15F -I GET IT,BIOGRAPHY FOR CHILDREN (IMPULSE GREAT PEOPLE 18/03/2022 purchase 001 DEA/I 12537 Books
    G.K Main Library Main Library SHELF 15F -I GET IT,BIOGRAPHY FOR CHILDREN (IMPULSE GREAT PEOPLE 18/04/2013 purchase 001 DEA/I 07304 Books
    G.K Main Library Main Library SHELF 15F -I GET IT,BIOGRAPHY FOR CHILDREN (IMPULSE GREAT PEOPLE 18/04/2013 purchase 001 DEA/I 07303 Books
    G.K Main Library Main Library SHELF 15F -I GET IT,BIOGRAPHY FOR CHILDREN (IMPULSE GREAT PEOPLE 18/03/2022 purchase 001 DEA/I 12521 Books
    G.K Main Library Main Library SHELF 15F -I GET IT,BIOGRAPHY FOR CHILDREN (IMPULSE GREAT PEOPLE 18/03/2022 purchase 001 DEA/I 12522 Books
    G.K Main Library Main Library SHELF 15F -I GET IT,BIOGRAPHY FOR CHILDREN (IMPULSE GREAT PEOPLE 18/04/2013 purchase 001 DEA/I 07305 Books
    G.K Main Library Main Library SHELF 15F -I GET IT,BIOGRAPHY FOR CHILDREN (IMPULSE GREAT PEOPLE 18/04/2013 purchase 001 DEA/I 06133 Books
    G.K Main Library Main Library SHELF 15F -I GET IT,BIOGRAPHY FOR CHILDREN (IMPULSE GREAT PEOPLE 18/03/2022 purchase 001 DEA/I 12535 Books
    G.K Main Library Main Library SHELF 15F -I GET IT,BIOGRAPHY FOR CHILDREN (IMPULSE GREAT PEOPLE 18/03/2022 purchase 001 DEA/I 12536 Books
    G.K Main Library Main Library SHELF 15F -I GET IT,BIOGRAPHY FOR CHILDREN (IMPULSE GREAT PEOPLE 19/04/2013 purchase 001 DEA/I 07330 Books
    G.K Main Library Main Library SHELF 15F -I GET IT,BIOGRAPHY FOR CHILDREN (IMPULSE GREAT PEOPLE 18/03/2013 purchase 001 DEA/I 06125 Books
    G.K Main Library Main Library SHELF 15F -I GET IT,BIOGRAPHY FOR CHILDREN (IMPULSE GREAT PEOPLE 18/03/2022 purchase 001 DEA/I 12525 Books
    G.K Main Library Main Library SHELF 15F -I GET IT,BIOGRAPHY FOR CHILDREN (IMPULSE GREAT PEOPLE 18/03/2022 purchase 001 DEA/I 12526 Books
    G.K Main Library Main Library SHELF 15F -I GET IT,BIOGRAPHY FOR CHILDREN (IMPULSE GREAT PEOPLE 19/04/2013 purchase 001 DEA/I 07327 Books
    G.K Main Library Main Library SHELF 15F -I GET IT,BIOGRAPHY FOR CHILDREN (IMPULSE GREAT PEOPLE 18/04/2013 purchase 001 DEA/I 06145 Books
    G.K Main Library Main Library SHELF 15F -I GET IT,BIOGRAPHY FOR CHILDREN (IMPULSE GREAT PEOPLE 18/03/2022 purchase 001 DEA/I 12533 Books
    G.K Main Library Main Library SHELF 15F -I GET IT,BIOGRAPHY FOR CHILDREN (IMPULSE GREAT PEOPLE 18/03/2022 purchase 001 DEA/I 12534 Books
    G.K Main Library Main Library SHELF 15F -I GET IT,BIOGRAPHY FOR CHILDREN (IMPULSE GREAT PEOPLE 18/04/2013 purchase 001 DEA/I 06136 Books
    G.K Main Library Main Library SHELF 15F -I GET IT,BIOGRAPHY FOR CHILDREN (IMPULSE GREAT PEOPLE 18/03/2022 purchase 001 DEA/I 12527 Books
    G.K Main Library Main Library SHELF 15F -I GET IT,BIOGRAPHY FOR CHILDREN (IMPULSE GREAT PEOPLE 18/04/2013 purchase 001 DEA/I 07308 Books
    G.K Main Library Main Library SHELF 15F -I GET IT,BIOGRAPHY FOR CHILDREN (IMPULSE GREAT PEOPLE 18/03/2022 purchase 001 DEA/I 12528 Books
    G.K Main Library Main Library SHELF 15F -I GET IT,BIOGRAPHY FOR CHILDREN (IMPULSE GREAT PEOPLE 18/04/2013 purchase 001 DEA/I 07307 Books
    G.K Main Library Main Library SHELF 15F -I GET IT,BIOGRAPHY FOR CHILDREN (IMPULSE GREAT PEOPLE 19/04/2013 purchase 001 DEA/I 07331 Books
    G.K Main Library Main Library SHELF 15F -I GET IT,BIOGRAPHY FOR CHILDREN (IMPULSE GREAT PEOPLE 18/03/2022 purchase 001 DEA/I 12540 Books
    G.K Main Library Main Library SHELF 15F -I GET IT,BIOGRAPHY FOR CHILDREN (IMPULSE GREAT PEOPLE 18/03/2022 purchase 001 DEA/I 12539 Books
    G.K Main Library Main Library SHELF 15F -I GET IT,BIOGRAPHY FOR CHILDREN (IMPULSE GREAT PEOPLE 18/04/2013 purchase 001 DEA/I 07309 Books
    G.K Main Library Main Library SHELF 15F -I GET IT,BIOGRAPHY FOR CHILDREN (IMPULSE GREAT PEOPLE 18/04/2013 purchase 001 DEA/I 06129 Books
    G.K Main Library Main Library SHELF 15F -I GET IT,BIOGRAPHY FOR CHILDREN (IMPULSE GREAT PEOPLE 18/03/2022 purchase 001 DEA/I 12529 Books
    G.K Main Library Main Library SHELF 15F -I GET IT,BIOGRAPHY FOR CHILDREN (IMPULSE GREAT PEOPLE 18/03/2022 purchase 001 DEA/I 12530 Books
    G.K Main Library Main Library SHELF 15F -I GET IT,BIOGRAPHY FOR CHILDREN (IMPULSE GREAT PEOPLE 18/04/2013 purchase 001 DEA/I 07306 Books
    G.K Main Library Main Library SHELF 15F -I GET IT,BIOGRAPHY FOR CHILDREN (IMPULSE GREAT PEOPLE 19/04/2013 purchase 001 DEA/I 07326 Books
    G.K Main Library Main Library SHELF 15F -I GET IT,BIOGRAPHY FOR CHILDREN (IMPULSE GREAT PEOPLE 18/03/2022 purchase 001 DEA/I 12523 Books
    G.K Main Library Main Library SHELF 15F -I GET IT,BIOGRAPHY FOR CHILDREN (IMPULSE GREAT PEOPLE 18/03/2022 purchase 001 DEA/I 12524 Books
    G.K Main Library Main Library SHELF 15F -I GET IT,BIOGRAPHY FOR CHILDREN (IMPULSE GREAT PEOPLE 18/04/2013 purchase 001 DEA/I 06138 Books
    G.K Main Library Main Library SHELF 15F -I GET IT,BIOGRAPHY FOR CHILDREN (IMPULSE GREAT PEOPLE 19/04/2013 purchase 001 DEA/I 07329 Books
    G.K Main Library Main Library SHELF 15F -I GET IT,BIOGRAPHY FOR CHILDREN (IMPULSE GREAT PEOPLE 18/03/2022 purchase 001 DEA/I 12531 Books
    G.K Main Library Main Library SHELF 15F -I GET IT,BIOGRAPHY FOR CHILDREN (IMPULSE GREAT PEOPLE 18/03/2022 purchase 001 DEA/I 12532 Books
    G.K Main Library Main Library SHELF 15F -I GET IT,BIOGRAPHY FOR CHILDREN (IMPULSE GREAT PEOPLE 18/04/2013 purchase 001 DEA/I 06126 Books
    G.K Main Library Main Library SHELF 15F -I GET IT,BIOGRAPHY FOR CHILDREN (IMPULSE GREAT PEOPLE 18/03/2022 purchase 001 DEA/I 12495 Books
    G.K Main Library Main Library SHELF 15F -I GET IT,BIOGRAPHY FOR CHILDREN (IMPULSE GREAT PEOPLE 18/03/2022 purchase 001 DEA/I 12494 Books
    G.K Main Library Main Library SHELF 15F -I GET IT,BIOGRAPHY FOR CHILDREN (IMPULSE GREAT PEOPLE 18/03/2022 purchase 001 DEA/I 12496 Books
    G.K Main Library Main Library NEW SHELF WITH NEW ENTRY 25/10/2023 Purchase 001 DEA/I 12947 Books
    G.K Main Library Main Library NEW SHELF WITH NEW ENTRY 05/10/2023 Purchase 001 DEA/I 12946 Books
    G.K Main Library Main Library SHELF 15F -I GET IT,BIOGRAPHY FOR CHILDREN (IMPULSE GREAT PEOPLE 05/04/2026 Purchase 001 DEA/I 12945 Books
    G.K Main Library Main Library NEW SHELF WITH NEW ENTRY 05/10/2023 Purchase 001 DEA/I 12943 Books
    G.K Main Library Main Library NEW SHELF WITH NEW ENTRY 05/10/2023 Purchase 001 DEA/I 12942 Books
    G.K Main Library Main Library SHELF 15F -I GET IT,BIOGRAPHY FOR CHILDREN (IMPULSE GREAT PEOPLE 05/10/2023 Purchase 001 DEA/I 12941 Books